The Christian wedding planner. (Record no. 14651)

000 -LEADER
fixed length control field 00621nam a2200205 a 4500
001 - CONTROL NUMBER
control field :::00012484$&:&@@
003 - CONTROL NUMBER IDENTIFIER
control field OkBaRHE
005 - DATE AND TIME OF LATEST TRANSACTION
control field 20000607103419.0
008 - FIXED-LENGTH DATA ELEMENTS--GENERAL INFORMATION
fixed length control field s1984 j 000 0 eng u
040 ## - CATALOGING SOURCE
Transcribing agency
100 1# - MAIN ENTRY--PERSONAL NAME
Personal name Muzzy, Ruth and Hughes R. Kent.
245 14 - TITLE STATEMENT
Title The Christian wedding planner.
260 ## - PUBLICATION, DISTRIBUTION, ETC. (IMPRINT)
Place of publication, distribution, etc Wheaton, IL., :
Name of publisher, distributor, etc Tyndale House Publishers
Date of publication, distribution, etc c1984
300 ## - PHYSICAL DESCRIPTION
Extent 220 p. ;
Dimensions 23 cm.
650 ## - SUBJECT ADDED ENTRY--TOPICAL TERM
Topical term or geographic name as entry element Marriage
650 ## - SUBJECT ADDED ENTRY--TOPICAL TERM
Topical term or geographic name as entry element Weddings
700 ## - ADDED ENTRY--PERSONAL NAME
Personal name Hughes, R. Kent, Joint author.
942 ## - ADDED ENTRY ELEMENTS (KOHA)
Source of classification or shelving scheme
Koha item type Books
Copies
Copy number Barcode Withdrawn status Shelving location Date last seen Price effective from Total Renewals Full call number Source of classification or shelving scheme Permanent Location Not for loan Damaged status Lost status Date checked out Koha item type Total Checkouts Current Location Date acquired
112484 General Stacks2015-10-292010-04-147HQ 734 .M8 RHEMA Bible Training College   2015-06-12Books1RHEMA Bible Training College2010-04-14